LEADER 01056nam a2200253 u 4500 001 000000025301 003 CaOOAMICUS 005 20070226111441.0 008 950619s1960 enk u000 u eng u 035 $a10650069 040 $aPUL(R)$bita 100 1 $aWallace-Hadrill, D. S.$q(David Sutherland).$0(OLS)http://pul/name/21010 245 10$aEusebius of Caesarea /$cby D.S. Wallace-Hadrill. 260 $aLondon :$bA.R. Mowbray,$c1960. 300 $a224 p. ;$c22 cm 500 $aComprende indici. 504 $aBibliografia: p. [206]-214. 600 04$aEusebius Caesariensis,$cvesc.,$d260/265-339/340.$0(OLS)http://pul/subject/7900 650 0$aChurch history$yPrimitive and early church, ca. 30-600.$2//eng$0(OLS)http://pul/subject/135 850 $aPUL 852 $aPUL$W1$xSL Religione 1$y3$m25 D 23$j35406$nBK-PRI$b $qStampati$B35406$CPULBib$Z2$F35406 $H $81 941 1 $a8 996 $6245$aEusebius of Caesarea$9(OLS)http://pul/title/34880 996 $6260$aLondon :$bA.R. Mowbray$9(OLS)http://pul/publisher/58840 LEADER 01336nam a2200301 a 4500 001 000000173685 003 CaOOAMICUS 005 20200721095250.0 008 200721s2016 it m 000 u ita r 020 $a978-88-7105-389-9* 032 $aLibriCat 040 $aPUL$bita 100 1 $aCarrara, Paolo.$0(OLS)http://pul/name/8838 245 00$aFormae ecclesiae : $bper un cattolicesimo di popolo oggi: "per tutti" anche se non di "di tutti" /$cPaolo Carrara. 260 $aMilano :$bGlossa,$c©2017. 300 $aXV, 618 p. ;$c21 cm 490 1 $aQuodlibet ;$v34 502 $aTesi di Dottorato in Teologia.Facoltą Teologica dell'Italia Settentrionale, 2017, n.75. 504 $aBibliografia: p.579-609. 710 2 $aFacoltą teologica dell'Italia settentrionale.$kTesi.$0(OLS)http://pul/name/85655 830 0$aQuodlibet (Glossa) ;$v34.$0(OLS)http://pul/title/57327 850 $aPUL 852 $aPUL$W1$xDP1 Tesi Fac It.Settentrionale$y34$m2017 B 1$j182139$qTesi$B202467$CPULBib$Z2$F202467 $82 941 1 $a16 996 $6020$a978-88-7105-389-9*$9(OLS)http://pul/number/167639 996 $6245$aFormae ecclesiae : $bper un cattolicesimo di popolo oggi: "per tutti" anche se non di "di tutti"$9(OLS)http://pul/title/214871 996 $6260$aMilano :$bGlossa$9(OLS)http://pul/publisher/53656